Corba vs.jini technologies for distributed systems / (رقم التسجيلة. 3521)
[ عرض عادي ]
| 000 -LEADER | |
|---|---|
| fixed length control field | 014550000a22003370004500 |
| 003 - CONTROL NUMBER IDENTIFIER | |
| control field | EG-GICUC |
| 005 - DATE AND TIME OF LATEST TRANSACTION | |
| control field | 20250223025011.0 |
| 008 - FIXED-LENGTH DATA ELEMENTS--GENERAL INFORMATION | |
| fixed length control field | 070916s2007 ua d f m 000 0 eng d |
| 040 ## - CATALOGING SOURCE | |
| Original cataloging agency | EG-GICUC |
| Language of cataloging | eng |
| Transcribing agency | EG-GICUC |
| 041 0# - LANGUAGE CODE | |
| Language code of text/sound track or separate title | Eng |
| 049 ## - LOCAL HOLDINGS (OCLC) | |
| Holding library | Deposite |
| 097 ## - Thesis Degree | |
| Thesis Level | M.Sc |
| 099 ## - LOCAL FREE-TEXT CALL NUMBER (OCLC) | |
| Classification number | Cai01.20.03.M.Sc.2007.Fa.C |
| 100 0# - MAIN ENTRY--PERSONAL NAME | |
| Personal name | Fatma Mohamed Elshehri |
| 245 10 - TITLE STATEMENT | |
| Title | Corba vs.jini technologies for distributed systems / |
| Statement of responsibility, etc. | Fatma Mohamed Elshehri ; Supervised Reem Bahgat , Samhaa Elbeltagy |
| 246 15 - VARYING FORM OF TITLE | |
| Title proper/short title | تكنولوجيا كوربا فى مواجهة تكنولوجيا جينى للنظم الموزعة |
| 260 ## - PUBLICATION, DISTRIBUTION, ETC. | |
| Place of publication, distribution, etc. | Cairo : |
| Name of publisher, distributor, etc. | Fatma Mohamed Elshehri , |
| Date of publication, distribution, etc. | 2007 |
| 300 ## - PHYSICAL DESCRIPTION | |
| Extent | 89Leaves : |
| Other physical details | charts ; |
| Dimensions | 30cm |
| 502 ## - DISSERTATION NOTE | |
| Dissertation note | Thesis (M.Sc.) - Cairo University - Faculty Of Computers and Information - Department Of Computer Science |
| 520 ## - SUMMARY, ETC. | |
| Summary, etc. | This thesis provides jini and CORBA included conducting two different experiments to be implemented with both middleware.The aim of this comparison is investigating the behavior of each middleware and finding out classes of applications that may perform better under each one of them |
| 530 ## - ADDITIONAL PHYSICAL FORM AVAILABLE NOTE | |
| Additional physical form available note | Issued also as CD |
| 653 #4 - INDEX TERM--UNCONTROLLED | |
| Uncontrolled term | CORBA |
| 653 #4 - INDEX TERM--UNCONTROLLED | |
| Uncontrolled term | Jini |
| 653 #4 - INDEX TERM--UNCONTROLLED | |
| Uncontrolled term | Middleware |
| 700 0# - ADDED ENTRY--PERSONAL NAME | |
| Personal name | Reem Bahgat , |
| Relator term | |
| 700 0# - ADDED ENTRY--PERSONAL NAME | |
| Personal name | Samhaa Elbeltagy , |
| Relator term | |
| 856 ## - ELECTRONIC LOCATION AND ACCESS | |
| Uniform Resource Identifier | <a href="http://172.23.153.220/th.pdf">http://172.23.153.220/th.pdf</a> |
| 905 ## - LOCAL DATA ELEMENT E, LDE (RLIN) | |
| Cataloger | Mustafa |
| Reviser | Revisor |
| 905 ## - LOCAL DATA ELEMENT E, LDE (RLIN) | |
| Cataloger | Nazla |
| Reviser | Cataloger |
| 942 ## - ADDED ENTRY ELEMENTS (KOHA) | |
| Source of classification or shelving scheme | Dewey Decimal Classification |
| Koha item type | Thesis |
| Source of classification or shelving scheme | Not for loan | Home library | Current library | Date acquired | Full call number | Barcode | Date last seen | Koha item type | Copy number |
|---|---|---|---|---|---|---|---|---|---|
| Dewey Decimal Classification | المكتبة المركزبة الجديدة - جامعة القاهرة | قاعة الرسائل الجامعية - الدور الاول | 11.02.2024 | Cai01.20.03.M.Sc.2007.Fa.C | 01010110047713000 | 22.09.2023 | Thesis | ||
| Dewey Decimal Classification | المكتبة المركزبة الجديدة - جامعة القاهرة | مخـــزن الرســائل الجـــامعية - البدروم | 11.02.2024 | Cai01.20.03.M.Sc.2007.Fa.C | 01020110047713000 | 22.09.2023 | CD - Rom | 47713.CD |